The History of Mathematics and Mathematicians of India/ (Record no. 189294)

MARC details
000 -LEADER
fixed length control field 00589nam a22001817a 4500
005 - DATE AND TIME OF LATEST TRANSACTION
control field 20220623104715.0
010 ## - LCCN (DPL NO)
LC control number ENG-133335
020 ## - INTERNATIONAL STANDARD BOOK NUMBER
International Standard Book Number 9788179941553
Terms of availability 150.00
035 ## - SYSTEM CONTROL NUMBER
System control number EN-116867
037 ## - SOURCE OF ACQUISITION
Source of stock number/acquisition DBAD/PUB
082 ## - DEWEY DECIMAL CLASSIFICATION NUMBER
Classification number 510.954
100 ## - MAIN ENTRY--PERSONAL NAME
Personal name Heroor, Venugopal D.
245 ## - TITLE STATEMENT
Title The History of Mathematics and Mathematicians of India/
Statement of responsibility, etc Venugopal D. Heroor
260 ## - PUBLICATION, DISTRIBUTION, ETC. (IMPRINT)
Place of publication, distribution, etc Bengaluru
Name of publisher, distributor, etc Sakshi
Date of publication, distribution, etc 2006
270 ## - ADDRESS
Address # 63, 13th Main, 4th Block East, Jayanagar
City Bengaluru
Postal code 560011
Electronic mail address info@vedah.com
300 ## - PHYSICAL DESCRIPTION
Extent 244p.
Other physical details Index
Dimensions 21cm(pbk)
942 ## - ADDED ENTRY ELEMENTS (KOHA)
Source of classification or shelving scheme Dewey Decimal Classification
Item type English Books
Classification part 510.954
Call number suffix HER
Holdings
Withdrawn status Lost status Not for loan Collection code Home library Current library Date acquired Source of acquisition Cost, normal purchase price Full call number Barcode Copy number Cost, replacement price Koha item type
      Non-fiction Ashok Vihar Ashok Vihar 23/06/2022 DBAD/PUB 150.00 510.954 HER EN-116867 1 150.00 English Books

© Delhi Public Library
Hit Counter
free hit counter